Catálogo
 En Linea

¡Complot develado! : (Registro nro. 30082)

Detalles MARC
000 -CABECERA
campo de control de longitud fija 00684nam a2200157 a 4500
001 - NÚMERO DE CONTROL
campo de control 000030590
005 - FECHA Y HORA DE LA ÚLTIMA TRANSACCIÓN
campo de control 20200930062409.0
008 - DATOS DE LONGITUD FIJA--INFORMACIÓN GENERAL
campo de control de longitud fija 110524s1960 dr c 000 | spa d
040 ## - FUENTE DE LA CATALOGACIÓN
Centro catalogador/agencia de origen DO-SdBNP
Lengua de catalogación spa
Centro/agencia transcriptor BNPHU
082 ## - NÚMERO DE LA CLASIFICACIÓN DECIMAL DEWEY
Número de clasificación xxx
Número de documento/Ítem V162c
100 1# - ENTRADA PRINCIPAL--NOMBRE DE PERSONA
Nombre de persona Valera Benitez, Rafael,
Fechas asociadas al nombre 1928-
9 (RLIN) 57193
245 11 - MENCIÓN DE TÍTULO
Título ¡Complot develado! :
Resto del título génesis y evolución del movimiento conspirativo celular "14 de junio" contra el gobierno dominicano, descubierto por el "SIM" en enero de 1960 /
Mención de responsabilidad, etc. R. Valera Benitez.
260 ## - PUBLICACIÓN, DISTRIBUCIÓN, ETC.
Lugar de publicación, distribución, etc. Ciudad Trujillo, República Dominicna :
Nombre del editor, distribuidor, etc. Handicap,
Fecha de publicación, distribución, etc. 1960.
300 ## - DESCRIPCIÓN FÍSICA
Extensión 392 p. :
Otras características físicas retrs. ;
Dimensiones 23 cm.
500 ## - NOTA GENERAL
Nota general Incluye referencias bibliográficas y notas al pie de las páginas.
Existencias
Estado de retiro Estado de pérdida Restricciones de uso No para préstamo Código de colección Localización permanente Ubicación/localización actual Ubicación en estantería Fecha de adquisición Número de inventario Total de préstamos Signatura topográfica completa Código de barras Fecha visto por última vez Precio válido a partir de Tipo de ítem Koha Nota pública
      Excluido de préstamo Raros y valiosos Patrimonio Dominicano Patrimonio Dominicano Depósito 24.05.2011 LF1   xxx V162c 30590-10 25.06.2020 25.06.2020 No se presta Perteneció a la biblioteca personal de Germán Emilio Ornes.

Con tecnología Koha